Kvalifikačné predpoklady, kariérové stupne a kariérové pozície zamestnancov

Priblíženie problematiky plnenia kvalifikačných predpokladov pedagogických zamestnancov a odborných zamestnancov v nadväznosti na kariérové pozície z pohľadu novej legislatívy: právna úprava zákona č. 414/2021 Z. z., ktorým sa mení zákon č. 138/2019. Účinnost novely zákona nadobudla platnosť 1. janu...

Descrizione completa

Salvato in:
Dettagli Bibliografici
Autore principale: Matulová Juríková, Zdenka
Natura: Capitolo di libro
Lingua:slovacco
Soggetti:
Tags: Aggiungi Tag
Nessun Tag, puoi essere il primo ad aggiungerne!!

MARC

LEADER 00000naa a2200000 4500
001 0283473
005 20240417075204.2
041 0 |a slo 
044 |a SK 
245 1 0 |a Kvalifikačné predpoklady, kariérové stupne a kariérové pozície zamestnancov  |c Zdenka Matulová Juríková 
520 |a Priblíženie problematiky plnenia kvalifikačných predpokladov pedagogických zamestnancov a odborných zamestnancov v nadväznosti na kariérové pozície z pohľadu novej legislatívy: právna úprava zákona č. 414/2021 Z. z., ktorým sa mení zákon č. 138/2019. Účinnost novely zákona nadobudla platnosť 1. januára 2022. 
610 2 0 |a školstvo 
610 2 0 |a zamestnanci 
610 2 0 |a kvalifikácia 
610 2 0 |a učitelia 
610 2 0 |a legislatíva 
610 2 0 |a úpravy právne 
100 1 |a Matulová Juríková, Zdenka